000 00242nam a2200097Ia 4500
001 1076313
005 20250827002254.0
008 250824s9999 xx 000 0 und d
245 0 _aYERYÜZÜ BLUES
_cKADİR DANİŞ
260 _bKETEBE YAYINLARI
999 _c1076313
_d1076313